000 01795nam a2200205 a 4500
008 011117e2001 ag |||g |||| 000 j spa d
020 _a9879298020
041 _aspa
092 _c808
_l41
_sITA
100 1 _aItaliano, Carlos Cristian
_93540
245 _aImaginaciones del hemisferio derecho /
_cCarlos Cristian Italiano
250 _a1a ed.
260 _aSan Luis:
_bAnello;
_c2001.
300 _a73 p.
500 _aItaliano, C. C. (2001). Imaginaciones del hemisferio derecho. (1a ed.). San Luis : Anello.
505 _aEstudiar Anatomía pone en evidencia los claros límites que separan a un ser vivo de otro muerto. Cualquiera puede diferenciar cadáveres de personas vivas, aulas de estudios donde hay cuerpos en formol de una buena reunión de amigos. Esta es la historia de dos hermanos, ambos de aquí, de Argentina. Los dos nacieron hace más de cien años, ciento cincuenta, quizás más, aún conviven entre nosotros y es seguro que en algún momento los podremos ver. La terapia intensiva es un mundo difícil para vivir. No hago referencia solo al paciente o su familiar sino a aquellos que en ese lugar están obligados permanentemente a pregonar la importancia de la salud. Atravesó el féretro y la tierra sin dificultad. Cuando estuvo arriba era un figura mas recorriendo el cementerio. Notó que su chuequera no lo molestaba en absoluto y que, además, era imperceptible para las personas, quienes no se inmutaban si él las atravesaba deambulando. Normalmente yo no rechazaba a las arañas. Nunca me parecieron ofensivas y probablemente, a partir de una clase de biología en el Colegio Nacional de La Plata, comenzaron a resultarme francamente simpáticas.
590 _aDonación. Proyecto Literatura 4to libro
655 _aLiteratura
_92917
942 _2ddc
_cLIT
999 _c2697
_d2697